Normal view
MARC view
- Dr. Usman Qamar.
Entry Personal Name
001 - CONTROL NUMBER
- control field: 18579
003 - CONTROL NUMBER IDENTIFIER
- control field: NUST
005 - DATE AND TIME OF LATEST TRANSACTION
- control field: 20190725110254.0
008 - FIXED-LENGTH DATA ELEMENTS
- fixed length control field: 190725|| aca||aabn | a|a d
040 ## - CATALOGING SOURCE
- Original cataloging agency: NUST
- Transcribing agency: NUST
100 ## - HEADING--PERSONAL NAME
- Personal name: Dr. Usman Qamar.
670 ## - SOURCE DATA FOUND
- Source citation: Work cat.: (NUST): Hassan, Farhan Khan 18577, SWIMS: A Sentiment Analysis Approach with Semi-Suppervised Feature Weighting and Intelligent Model Selection /, 2016.
